Dopasuj Landy Niemiec do flag - Statystyki

Ogólne statystyki
  • Ten quiz został rozwiązany 7 razy
  • Średni wynik to 8 z 16
Statystyki odpowiedzi
Hint Odpowiedź % Poprawnych
Bawaria
86%
Saksonia
71%
Brema
57%
Meklemburgia-Pomorze Przednie
57%
Saksonia-Anhalt
57%
Szlezwik-Holsztyn
57%
Berlin
57%
Brandenburgia
43%
Hesja
43%
Badenia-Wirtembergia
43%
Dolna Saksonia
43%
Nadrenia-Palatynat
43%
Turyngia
43%
Hamburg
43%
Saara
43%
Nadrenia Północna-Westfalia
43%
Nie znaleziono quizów pasujących do podanych kryteriów
Rozkład punktacji
Procent ludzi z każdym wynikiem
Percentyl według liczby udzielonych odpowiedzi
Twoja historia wyników
Nie rozwiązałeś tego quizu